000 00458nam a2200145Ia 4500
008 220217s9999 xx 000 0 und d
245 0 _aBritish Standards: Specification for large incinerators for the destruction of hospital waste
260 _aLondon
260 _c1973
_bBritish Standards Institution
490 _aBritish Standards
500 _aStandard number: BS 3316
650 _aHospital waste destruction
650 _aIncinerator
942 _cST
999 _c73060
_d73060